MARC

LEADER 00000nam0a2200000 4500
001 194080
005 20231101224530.0
035 |a (RuTPU)RU\TPU\book\211669 
090 |a 194080 
100 |a 20110404d1966 km y0rusy50 ca 
101 0 |a rus 
102 |a RU 
105 |a a z 001zy 
200 1 |a Емкостные преобразователи перемещения  |f А. В. Ацюковский 
210 |a Москва  |c Энергия  |d 1966 
215 |a 288 с.  |c черт. 
320 |a Библиогр.: с. 271-274. 
606 |a Преобразователи перемещений ёмкостные  |2 stltpush  |3 (RuTPU)RU\TPU\subj\51268  |9 69863 
610 1 |a преобразователи перемещения 
610 1 |a работа 
610 1 |a конструирование 
610 1 |a расчет 
610 1 |a краткие характеристики 
610 1 |a вычислительные устройства 
610 1 |a построение 
610 1 |a стабильность 
610 1 |a питание 
610 1 |a источники 
675 |a 621.314:53  |v 3 
700 1 |a Ацюковский  |b А. В.  |g Владимир Акимович 
801 1 |a RU  |b 63413507  |c 20110404 
801 2 |a RU  |b 63413507  |c 20180301  |g RCR 
942 |c BK